000 00760nam0a22002531 4500
001 rc\2688508
005 20250623161707.0
035 _a(NLR Aleph) 006816808
090 _a6401416
_c6401416
100 _a20110915d1933 |||y0rusy50 ca
101 0 _arus
102 _aRU
105 _ay z |||||
200 1 _aБоевые задачи культурного строительства
_fЧары Великов
210 _aАшхабад
_cТуркменгосиздат
_d1933
215 _a44 с.
_d16 см.
300 _aБез тит. л. Описано по обл.
700 1 _aВеликов
_bЧ.
_gЧары
801 0 _aRU
_bNLR
_gpsbo
801 1 _aRU
_bELAR
_2rusmarc
852 _aNLR
_j33-9/3829
942 _cBOOK
980 _aNB